| 000 | 01080nam a22002537a 4500 | ||
|---|---|---|---|
| 005 | 20120112143825.0 | ||
| 008 | 120112t xxu||||| |||| 00| 0 mar d | ||
| 010 | _aMAR-22140 | ||
| 020 | _c110.00 | ||
| 035 | _aMR-14798 | ||
| 037 | _bDBAD/PUB | ||
| 040 |
_aDPL _bMR |
||
| 082 | _a891.46301 | ||
| 100 |
_939079 _aदिवाण, वृंदा |
||
| 245 |
_aअंतराय / _cवृंदा दिवाण |
||
| 246 |
_aAntrai _bbyVrunda Divan |
||
| 260 |
_aसोलापूर _bसुविद्या प्रकाशन _c2011 |
||
| 270 |
_a'गंगा निवास' 374,उत्तर कसबा, _bसोलापूर _e413007 |
||
| 300 |
_a134पृ _c21सेमी(अजिल्द) |
||
| 650 |
_aमराठी कथासंग्रह _947282 |
||
| 650 |
_aMarathi Short Stories _947283 |
||
| 942 |
_2ddc _cMR _mदिवाण _h891.46301 |
||
| 999 |
_c67061 _d67061 |
||